Eras de Lady Gaga en emojis - Estadísticas

Estadísticas generales
  • Esta prueba ha sido intentada 43 veces
  • La puntuación promedio es 8 de 11
Estadísticas de respuestas
Imagen Respuesta % Correcto
Born This Way
94%
Joanne
88%
The Fame
88%
Artpop
82%
A Star Is Born
82%
Chromatica
82%
Mayhem
76%
The Fame Monster
73%
Joker: Folie à Deux / Harlequin
67%
Cheek to Cheek
61%
Love for Sale
55%
No se encontraron pruebas coincidentes
Distribución de puntuación
Porcentaje de gente con cada puntuación
Porcentaje por número respondido
Historial de tus puntuaciones
No has intentado esta prueba.